000 00787nam a2200217 a 4500
001 000006268
003 DO-SdBNP
005 20250306143522.0
007 ta
008 090827s1983 dr a 000 0 spa d
040 _aDO-SdBNP
_bspa
_cBNPHU
082 _axxx
_bR426c
110 1 _aAcademia de Ciencias de la República Dominicana
_bUniversidad Autónoma de Santo Domingo
_bDepartamento de psicología
_9778
245 1 0 _aClínica de la conducta :
_bprimer taller evaluativo /
_ceditores Josefina Zaiter de Zaglul, Mayra Brea de Cabral.
260 _aSanto Domingo, :
_bUASD,
_c1983.
300 _a94 p. :
_bil. ;
_c21 cm.
505 2 _aIncluye nota de contenido
700 1 _aZáiter Mejía, Alba Josefina
_eed.
_92002
700 1 _aBrea de Cabral, Mayra,
_eed.
_917516
942 _2ddc
_cLBS1
999 _c6063
_d6063